000 00791nam a22002657a 4500
003 CHAP
005 20220329140323.0
008 971013s1979 r 00010 d
010 _a50350
011 _a51322
035 _a55472
040 _cCHAP
082 _a631.4
_bP5
100 0 0 _aPitty, Alistair F.
_988599
245 _aGeography and soil properties
260 _aLondon :
_bMethuen,
_c1979
300 _a287 p.
_b: ilus. ; gráfs.
590 _aBATCH-UPD
_b10
_c20130110
_lUCH01
_h0327
590 _aCONVERSION
_b10
_c20130109
_lUCH01
_h1327
650 1 4 _aSuelos.
_9110191
901 _aBK
942 _cLIBRO
949 _a631.4 P5
_bBC
_cLIBRO
_d33724000063574
_eLIBRO
_h52533
_i55472
_si
_t416.00
949 _a631.4 P5
_bBC
_cLIBRO
_d33724000063582
_eLIBRO
_fc.2
_h52534
_i55472
_si
_t416.00
999 _c50350
_d50350